Hieratische Ostraka und Papyri aus der Ramessidenzeit /

محفوظ في:

المؤلف الرئيسي: Allam, Schafik (مؤلف)

مؤلفون آخرون: Černý, Jaroslav, 1898-1970.

التنسيق: كتاب

اللغة: German
Ancient Egyptian

منشور في: Tübingen, [Postfach 110 : Selbstverl.], 1973.

سلاسل: Urkunden zum Rechtsleben im Agypten ; 1.

الموضوعات:

الوسوم: إضافة وسم

لا توجد وسوم, كن أول من يضع وسما على هذه التسجيلة!

رقم الطلب: PJ1675 .A4 v.1-2

LEADER 01220nam a22003017a 4500
003 OSt
005 20251027091654.0
008 251027t1973 gw ah 000 0 ger d
040 |c ARCE Library 
041 0 |a ger  |a egy 
043 |a f-ua---  
050 1 4 |a PJ1675  |b .A4 v.1-2 
100 1 |a Allam, Schafik,  |e author 
245 1 0 |a Hieratische Ostraka und Papyri aus der Ramessidenzeit /   |c von Schafik Allam.  
264 1 |a Tübingen, [Postfach 110 :   |b Selbstverl.],   |c 1973.  
300 |a 2 volumes :   |b Illustrations, facsimiles ;   |c 25-30 cm. 
490 1 |a Urkunden zum Rechtsleben im Agypten ;   |v 1. 
500 |a Volume [1] consists of German commentary and translations ; volume [2] offacsims and their transcriptions. Volumes [2] has title : Tafelteil, Transkriptionen aus dem Nachlass von J. Cerny. 
500 |a Volume [2] has title : Tafelteil, Transkriptionen aus dem Nachlass von J. Cerny. 
650 0 |a Ostraka. 
650 0 |a Inscriptions, Egyptian  
650 0 |a Egyptian language  |x Papyri, Hieratic  
650 0 |a Law  |z Egypt, Ancient  |x Sources.  
700 1 |a Černý, Jaroslav,  |d 1898-1970.  
830 0 |a Urkunden zum Rechtsleben im Agypten ;   |v 1. 
901 |a reviewed 
942 |c BK  |2 lcc 
999 |c 14298  |d 14298